| 000 | 00541nam a2200229Ia 4500 | ||
|---|---|---|---|
| 008 | 210210b2008 xxu||||| |||| 00| 0 eng d | ||
| 020 | _a9788181476401 | ||
| 041 | _aeng | ||
| 082 | _a541.28 HOUF | ||
| 100 | _aHOUSE (James E) | ||
| 245 | _aFundamentals of quantum chemistry Ed.2 | ||
| 250 | _a | ||
| 260 |
_aCalifornia _bAcademic Press _c2008 |
||
| 300 | _avii--291 | ||
| 650 | _aquantum | ||
| 650 | _aof | ||
| 650 | _aFundamentals | ||
| 650 | _aEd.2 | ||
| 650 | _achemistry | ||
| 690 | _aQuantum Chemistry | ||
| 906 | _a063103 | ||
| 999 |
_c132832 _d132832 |
||